Statistics for European countries with the most golf courses

Click here to take the quiz!

General Stats

  • This quiz has been taken 65 times
  • The average score is 21 of 25

Answer Stats

#CoursesCountry% Correct
607France
98%
394Ireland
98%
730Germany
96%
76Portugal
96%
345Spain
96%
1888England
94%
154Norway
94%
241Italy
93%
560Scotland
93%
440Sweden
93%
252Netherlands
89%
125Finland
87%
160Austria
85%
34Poland
85%
77Belgium
83%
144Wales
83%
189Denmark
81%
25Russia
81%
99Switzerland
81%
107Czech Republic
76%
13Hungary
67%
27Slovakia
67%
12Slovenia
61%
62Iceland
46%
19Turkey
43%

Score Distribution

Percentile by Number Answered

Percent of People with Each Score

Your Score History

You have not taken this quiz